| Tag |
First Indicator |
Second Indicator |
Subfields |
| LEADER |
00000cam a2200000Ka 4500 |
| 001 |
in00002492421 |
| 005 |
20211202191525.0 |
| 006 |
m d f |
| 008 |
090501s2009 gau s f000 0 eng d |
| 035 |
|
|
|a (OCoLC)ocn319876215
|
| 040 |
|
|
|a GPO
|c GPO
|d MvI
|d UtOrBLW
|
| 049 |
|
|
|a WWW
|
| 074 |
|
|
|a 0505-A (online)
|
| 086 |
0 |
|
|a HE 20.7008:SW 6/9
|
| 110 |
2 |
|
|a Centers for Disease Control and Prevention (U.S.)
|
| 245 |
1 |
0 |
|a Interim guidance on specimen collection, processing, and testing for patients with suspected swine-origin influenza A (H1N1) virus infection.
|
| 264 |
|
1 |
|a Atlanta, GA :
|b Centers for Disease Control and Prevention,
|c [2009]
|
| 300 |
|
|
|a 1 electronic text :
|b HTML file.
|
| 336 |
|
|
|a text
|b txt
|2 rdacontent
|
| 337 |
|
|
|a computer
|b c
|2 rdamedia
|
| 338 |
|
|
|a online resource
|b cr
|2 rdacarrier
|
| 538 |
|
|
|a Mode of access: Internet from the CDC web site. Address as of 5/1/09: http://www.cdc.gov/swineflu/specimencollection.htm ; current access available via PURL.
|
| 500 |
|
|
|a Title from title screen (viewed on May 1, 2009).
|
| 500 |
|
|
|a "April 29, 2009."
|
| 500 |
|
|
|a Electronic resource.
|
| 650 |
|
0 |
|a Swine influenza
|x Diagnosis.
|
| 650 |
|
0 |
|a Diagnostic specimens.
|
| 856 |
4 |
0 |
|u https://purl.fdlp.gov/GPO/LPS112151
|t 0
|
| 999 |
|
|
|a MARS
|
| 999 |
f |
f |
|s 2ed4880b-adf4-3412-a17b-ef7e7d89cd62
|i 38c84e7c-c2d1-39e7-941c-1cd743a846c3
|t 0
|
| 952 |
f |
f |
|a Texas A&M University
|b College Station
|c Electronic Resources
|d Available Online
|t 0
|e HE 20.7008:SW 6/9
|h Superintendent of Documents classification
|
| 998 |
f |
f |
|a HE 20.7008:SW 6/9
|t 0
|l Available Online
|